000
00292nam a2200133Ia 4500
100
_a
Van Horne James
942
_c
BK
654
_a
Financial
245
_a
Financial Management & Policy
260
_b
prentice hall of india.
_c
2001
082
_a
658.15
300
_a
720
546
_a
ENGLISH
999
_c
29679
_d
29679